000 00917nam a22002777a 4500
001 5354
003 FISKH
005 20250116153249.0
008 241127b cb ||||| |||| 00| 0 eng d
020 _a9780618934430
040 _aFISKH
_beng
_cFISKH
_dFISKH
050 _aQE521.S539
082 _a551.21
100 _aSimon, Seymour
245 _aDanger! Volcanoes /
_cby Seymour Simon
260 _aBoston :
_bHoughton Mifflin ;
_c2002.
300 _a30 pages :
_bcolro illustrations ;
_c23 cm .
505 _aS
520 _aIntroduces the facts about volcanoes, what they are, why and how they erupt, different types of volcanoes found around the world, and the effects of some famous eruptions of the twentieth century.
521 8 _a790
_bLexile
521 8 _aS
_bRaz-Plus
650 _avolcanoes
_vNon-fiction
650 _aweather
_vNon-fiction
942 _2ddc
_cBK
_n0
999 _c5354
_d5354